Goblins - The Randomest Quiz Ever - Harry Potter - Statistics

General Stats
  • This quiz has been taken 86 times
  • The average score is 5 of 15
Answer Stats
Hint Answer % Correct
What goblin led Harry to his vault in Gringotts in his first year? Griphook
95%
Griphook wanted ___________'s ______ for a reward for helping them break into Grngotts. (Fill in blanks) Gryffindor's sword
67%
A _________ that was never yours treasure
59%
If you ____ beneath our floors seek
46%
What building material is Gringotts made of? (Hint: It's white) Marble
41%
Of finding more than treasure _____ there
41%
_____, you have been warned, beware Thief
39%
This goblin got toasted by a dragon. Bogrod
38%
What is Goblin Language called? Gobbledegook
31%
Frequent subject brought up in History of Magic: Goblin _____________s rebellion
26%
What is the name of the goblin killed with Ted Tonks and Dirk Cresswell? Gornuk
23%
What does that word mean? Pickax
15%
What word can Ludo Bagman speak in goblin language? Bladvak
10%
How often do goblins check to see if anyone is trapped in Vault 713? Once every 10 years
7%
Goblins have very long _______ and ____ fingers and feet
2%
No matching quizzes found
Score Distribution
Percent of People with Each Score
Percentile by Number Answered
Your Score History
You have not taken this quiz